Martin Kukučín VÝBER IV /

Na minha lista:
Detalhes bibliográficos
Outros Autores: PRÍDAVKOVÁ-MINÁRIKOVÁ, Marianna (Compiler)
Formato: Livro
Idioma:eslovaco
Publicado em: Bratislava; Tatran 1980
Edição:1. vydanie
Colecção:Zlatý fond slovenskej literatúry, 41. zväzok
Tags: Adicionar Tag
Sem tags, seja o primeiro a adicionar uma tag!

MARC

LEADER 00000nam a22000003a 4500
001 0103018
003 SK-STU
005 20230629094230.4
007 ta
008 230629s ----xo-----e------000-0-----d
040 |a STU  |b slo 
041 0 |a slo 
044 |a xo 
100 1 |a PRÍDAVKOVÁ-MINÁRIKOVÁ, Marianna  |4 com 
245 1 0 |a Martin Kukučín VÝBER IV /  |c zost. Marianna PRÍDAVKOVÁ-MINÁRIKOVÁ 
250 |a 1. vydanie 
260 |a Bratislava;  |b Tatran  |c 1980 
300 |a 721 strán 
490 0 |a Zlatý fond slovenskej literatúry,  |v 41. zväzok 
996 |c I* 4SOA13978  |l I  |s A  |a 24  |w 0103018_0001